The underground railroad / Colson Whitehead.
Available copies
- 2 of 2 copies available at LARL/NWRL Consortium.
Current holds
1 current hold with 2 total copies.
View other formats and editions
Show Only Available Copies
| Location | Call Number / Copy Notes | Barcode | Shelving Location | Status | Due Date |
|---|---|---|---|---|---|
| Roseau Public Library | BOOK-ON-CD WHI (Text) | 35500005553787 | Main | Available | - |
| Thief River Falls Public Library | BOOK-ON-CD WHI (Text) | 35500005536436 | Main | Available | - |
Record details
- ISBN: 9781524736255
- ISBN: 1524736252
- Physical Description: 9 sound discs (11 hr.) : digital ; 4 3/4 in.
- Edition: Unabridged.
- Publisher: New York : Random House Audio ; p2016.
Content descriptions
| General Note: | Title from container. Compact disc. In container (17 cm.). |
| Participant or Performer Note: | Read by Bahni Turpin. |
| Summary, etc.: | Chronicles the daring survival story of a cotton ... Read More |
Search for related items by subject
| Subject: | Underground Railroad > Fiction. Fugitive slaves > United States > Fiction. United States > History > 19th century > Fiction. |
| Genre: | Historical fiction. Audiobooks. |
| LDR | 01669cim a2200433Ma 4500 | ||
|---|---|---|---|
| 001 | 214904 | ||
| 003 | LARL_NWRL_CONSORTIUM | ||
| 005 | 20161007211239.0 | ||
| 008 | 160830s2016 nyunnnn f n eng d | ||
| 007 | sd fungnnmmned | ||
| 020 | . | ‡a9781524736255 | |
| 020 | . | ‡a1524736252 | |
| 028 | 0 | 2. | ‡aDD28501 ‡bRecorded Books |
| 035 | . | ‡a(OCoLC)954570578 ‡z(OCoLC)957573496 | |
| 043 | . | ‡an-us--- | |
| 082 | 0 | 4. | ‡a813/.54 ‡223 |
| 100 | 1 | . | ‡aWhitehead, Colson, ‡d1969- ‡0(LARL_NWRL_CONSORTIUM)126345 |
| 245 | 1 | 4. | ‡aThe underground railroad / ‡cColson Whitehead. |
| 250 | . | ‡aUnabridged. | |
| 260 | . | ‡aNew York : ‡bRandom House Audio ; ‡aPrince Frederick, MD : ‡bDistributed by Recorded Books, ‡cp2016. | |
| 300 | . | ‡a9 sound discs (11 hr.) : ‡bdigital ; ‡c4 3/4 in. | |
| 500 | . | ‡aTitle from container. | |
| 511 | 0 | . | ‡aRead by Bahni Turpin. |
| 500 | . | ‡aCompact disc. | |
| 500 | . | ‡aIn container (17 cm.). | |
| 520 | . | ‡aChronicles the daring survival story of a cotton plantation slave in Georgia, who, after suffering at the hands of both her owners and fellow slaves, races through the Underground Railroad with a relentless slave-catcher close behind. | |
| 650 | 0. | ‡aUnderground Railroad ‡vFiction. | |
| 650 | 0. | ‡aFugitive slaves ‡zUnited States ‡vFiction. | |
| 651 | 0. | ‡aUnited States ‡xHistory ‡y19th century ‡vFiction. | |
| 655 | 7. | ‡aHistorical fiction. ‡2gsafd | |
| 655 | 7. | ‡aAudiobooks. ‡2lcgft ‡0(LARL_NWRL_CONSORTIUM)175801 | |
| 700 | 1 | . | ‡aTurpin, Bahni. ‡4nrt ‡0(LARL_NWRL_CONSORTIUM)203026 |
| 901 | . | ‡a214904 ‡bOCoLC ‡c214904 ‡tbiblio | |

Add to basket
Permalink
Disable Highlighting